Plan de educación ambiental para el departamento Norte de Santander 2002-2009 : (Registro nro. 5665)

Detalles MARC
000 -CABECERA
Campo de control 01075nam a2200217 a 4500
005 - FECHA Y HORA DE LA ULTIMA TRANSACCION
Campo de control 20171031093251.0
008 - ELEMENTOS DE LONGITUD FIJA—INFORMACION GENERAL
Campo de control 170215s2009 ck o gr 00110 spa d
040 ## - FUENTE DE CATALOGACIÓN
Agencia catalogadora original CO-BoBLA
Agencia transcriptora CO-BoBLA
Agencia Modificadora CO-BoIAVH
041 0# - IDIOMA
Código de idioma para texto/pista de sonido o título separado Español
044 ## - PAÍS DE PUBLICACIÓN
País de publicación Colombia
082 04 - NUMERO DE CLASIFICACION DECIMAL DEWEY
Número de clasificación 333.7071
Número del ítem N86p
110 1# - ASIENTO PRINCIPAL--NOMBRE CORPORATIVO
Nombre corporativo o de jurisdicción como elemento de entrada Norte de Santander (Colombia).
Unidad subordinad Gobernación.
9 (RLIN) 86493
245 10 - MENCION DE TITULO
Título Plan de educación ambiental para el departamento Norte de Santander 2002-2009 :
Parte restante del título educación ambiental un reto para la reconstrucción del tejido social /
Mención de responsabilidad Departamento Norte de Santander.
260 ## - PUBLICACION, DISTRIBUCION, ETC. (PIE DE IMPRENTA)
Lugar de publicación, distribución, etc. Cúcuta (Colombia) :
Nombre del editor, distribuidor, etc. Comite Técnico Intersintitucional de Educación Ambiental,
Fecha de publicación, distribución, etc. 2009.
300 ## - DESCRIPCION FISICA
Extensión 23 páginas :
Otros detalles físicos fotografías ;
Dimensiones 23 x 17 cm.
504 ## - NOTA DE BIBLIOGRAFIA, ETC.
Nota de bibliografía Incluye referencias bibliográficas: páginas 23.
650 26 - ASIENTO SECUNDARIO DE MATERIA - TERMINO TEMATICO
Término temático o nombre geográfico como elemento de entrada Educación ambiental
Subdivisión geográfica Norte de Santander (Colombia)
Subdivisión cronológica 2002-2009
9 (RLIN) 86494
650 26 - ASIENTO SECUNDARIO DE MATERIA - TERMINO TEMATICO
Término temático o nombre geográfico como elemento de entrada Protección ambiental
Subdivisión geográfica Norte de Santander (Colombia)
Subdivisión de forma Proyectos
Subdivisión cronológica 2002-2009
9 (RLIN) 86495
650 26 - ASIENTO SECUNDARIO DE MATERIA - TERMINO TEMATICO
Término temático o nombre geográfico como elemento de entrada Política ambiental
Subdivisión geográfica Norte de Santander (Colombia)
Subdivisión de forma Proyectos
Subdivisión cronológica 2002-2009
9 (RLIN) 86496
942 ## - ELEMENTOS ADICIONALES (KOHA)
Sistema de clasificación Dewey Decimal Classification
Tipo de ítem Folleto
Existencias
Withdrawn status Lost status Sistema de Clasificación Damaged status No para préstamo Colección Inventariado Ubicación Permanente Ubicación actual Fecha de adquisición Fuente de Valor Total Checkouts Número topográfico Inventario / Código de Barras Date last seen Ejemplar Price effective from Forma de adquisición Tipo de material
    Dewey Decimal Classification     General Inventariado 2017 Sala Fabio Quevedo Sala Fabio Quevedo 11/07/2007 Mendoza, Sandra   LB-333.7071 N86p 024714 04/12/2012 Ej.1 04/12/2012 Donación Folleto